| 000 | 02937nac a22004091u 4500 | ||
|---|---|---|---|
| 008 | 110511t xxu||||| |||| 00| 0 eng d | ||
| 010 | _a97051982 | ||
| 020 | _a0444829210 (v.46) | ||
| 020 | _a9780444829214(v.46) | ||
| 020 | _a0444532366(v.55) | ||
| 020 | _a9780444532367(v.55) | ||
| 082 | 0 | 0 |
_a622.1828 _bJAH |
| 100 |
_aJahn, Frank. _923771 |
||
| 245 | 1 | 0 |
_aHydrocarbon Exploration and Production / _cFrank Jahn, Mark Cook & Mark Graham. |
| 260 |
_aAmsterdam ; _aNew York : _bElsevier, 1998-2008 _c1998-2008 |
||
| 300 |
_a2 v. : _bill. ; _c25 cm. |
||
| 490 |
_923772 _aDevelopments in petroleum science ; _v46; 55 |
||
| 504 | _aIncludes bibliographical references and index. | ||
| 650 | 0 |
_aPetroleum _xProspecting. _923773 |
|
| 650 | 0 |
_aOil fields _xProduction methods. _923774 |
|
| 653 |
_bpet _cMay2011 |
||
| 700 | 1 |
_aCook, Mark. _923775 |
|
| 700 | 1 |
_aGraham, Mark. _923776 |
|
| 942 |
_cBB _k622.1828 JAH _2ddc |
||
| 999 |
_c5146 _d5146 |
||